| 000 | nam a22 7a 4500 | ||
|---|---|---|---|
| 999 |
_c19416 _d19416 |
||
| 008 | 170116b xxu||||| |||| 00| 0 eng d | ||
| 020 | _a9780965026321 | ||
| 050 |
_aLB1025.3 _b.J66 2007 |
||
| 100 | _aJones,Fredric H. | ||
| 245 |
_aFred Jones tools for teaching : _bdiscipline, instruction, motivation/ _cFrederic H. Jones ,Brian T. Jones and Patrick Jones |
||
| 250 | _a2nd ed. | ||
| 260 |
_aSanta Cruz, California : _bFrederic H. & Associates, cop. _cc2007. |
||
| 300 |
_aix,339p. : _bill. ; _eCD-ROM _fcm _g12 |
||
| 500 | _aincludes index. | ||
| 700 | _aJones,Patrick | ||
| 700 | _aJones,Brian T. | ||
| 942 |
_2lcc _cBOOKS _hLB1025.3 .J66 2007 |
||